[Event "Slovakian-ch Youth 2022"]
[Site "Lubovna"]
[Date "2022.05.28"]
[Round "9.19"]
[White "Paluska, Karol"]
[Black "Sevcik, Matej"]
[Result "1/2-1/2"]
[WhiteElo "2006"]
[BlackElo "1820"]
[Annotator "TA"]
[PlyCount "67"]
[EventDate "2022.05.22"]
[EventCountry "SVK"]
[SourceTitle "playchess.com"]
[Source "ChessBase"]
[SourceQuality "1"]

1. d4 d5 2. c4 c6 3. Nc3 Nf6 4. Nf3 e6 5. cxd5 exd5 6. Bg5 Be7 7. e3 O-O 8. Bd3 h6 9. Bxf6 Bxf6 10. Qc2 Re8 11. O-O Nd7 12. b4 a6 13. a4 Nb6 14. b5 axb5 15. axb5 Be6 16. bxc6 bxc6 17. Na4 Nxa4 18. Rxa4 Rxa4 19. Qxa4 Qa8 20. Qc2 Rc8 21. Nd2 Bd7 22. Nb3 Be7 23. Ra1 Qb8 24. Be2 Qb6 25. Rb1 Qa7 26. Rc1 Rb8 27. Bd3 Qa3 28. Rb1 Bf8 29. h3 Be7 30. Nd2 Rb4 31. Nf3 c5 32. dxc5 Rxb1+ 33. Qxb1 Qxc5 34. Ne5 1/2-1/2

[Event "Slovakian-ch Youth 2022"]
[Site "Lubovna"]
[Date "2022.05.28"]
[Round "9.20"]
[White "Orgon, Patrik"]
[Black "Jurky, Marian"]
[Result "1/2-1/2"]
[WhiteElo "1721"]
[BlackElo "1689"]
[Annotator "NA RC COMBH"]
[PlyCount "126"]
[EventDate "2022.05.22"]
[EventCountry "SVK"]
[SourceTitle "playchess.com"]
[Source "ChessBase"]
[SourceQuality "1"]

1. d4 Nf6 2. Nf3 e6 3. e3 b6 4. Bd3 Bb7 5. O-O Be7 6. b3 d5 7. Bb2 O-O 8. Nbd2 Nbd7 9. Ne5 Nxe5 10. dxe5 Ne4 11. Bxe4 dxe4 12. Qe2 Bc5 13. Rfd1 Qg5 14. Nf1 Rfd8 15. Ng3 g6 16. h3 h5 17. c4 a5 18. Bd4 Bf8 19. Qc2 Qh4 20. c5 bxc5 21. Bxc5 Bg7 22. Bd4 Rac8 23. Bc3 Rd5 24. Qb2 Rcd8 25. Rxd5 Rxd5 26. Rc1 Qd8 27. Bd4 Rd7 28. Qc2 Qa8 29. a3 Bf8 30. Qb2 Bd5 31. b4 axb4 32. axb4 Qb7 33. Bc5 Bxc5 34. Rxc5 Rd8 35. Qc3 Rb8 36. b5 Rc8 37. Ne2 Rd8 38. Nd4 Rc8 39. Qa5 Qa8 40. Qxa8 Bxa8 41. Nc6 Bxc6 42. Rxc6 Rb8 43. Rc5 Kg7 44. Kf1 g5 45. g3 Kg6 46. Ke2 f5 47. exf6 Kxf6 48. Kd2 e5 49. Kc3 Ke6 50. Kc4 Rb7 51. Rc6+ Kf5 52. Kc5 g4 53. hxg4+ Kxg4 54. Rf6 Kh3 55. Rf5 Kg2 56. Rxe5 Kxf2 57. Rxe4 Kxg3 58. Re8 h4 59. Rh8 h3 60. e4 h2 61. e5 Rb6 62. Rg8+ Kf4 63. Rh8 Kg3 1/2-1/2

[Event "Slovakian-ch Youth 2022"]
[Site "Lubovna"]
[Date "2022.05.28"]
[Round "9.21"]
[White "Salgovic, Simon"]
[Black "Volanek, Maros"]
[Result "1-0"]
[WhiteElo "2091"]
[BlackElo "1458"]
[Annotator "TA"]
[PlyCount "41"]
[EventDate "2022.05.22"]
[EventCountry "SVK"]
[SourceTitle "playchess.com"]
[Source "ChessBase"]
[SourceQuality "1"]

1. b3 e5 2. Bb2 Nc6 3. e3 d5 4. Bb5 Bd6 5. d4 e4 6. c4 Qg5 7. Ne2 Nge7 8. Nbc3 Be6 9. c5 Nf5 10. cxd6 Qxg2 11. Rg1 Qxh2 12. Qc2 Nh4 13. O-O-O Qxf2 14. Bxc6+ bxc6 15. Rg3 Nf5 16. Nxe4 dxe4 17. Qxc6+ Kd8 18. Qxc7+ Ke8 19. Qc6+ Kd8 20. Qxa8+ Bc8 21. Qc6 1-0

[Event "Slovakian-ch Youth 2022"]
[Site "Lubovna"]
[Date "2022.05.28"]
[Round "9.22"]
[White "Horvath, Marek"]
[Black "Koska, Jiri"]
[Result "1/2-1/2"]
[WhiteElo "1801"]
[BlackElo "1759"]
[Annotator "NA RC COMBH"]
[PlyCount "115"]
[EventDate "2022.05.22"]
[EventCountry "SVK"]
[SourceTitle "playchess.com"]
[Source "ChessBase"]
[SourceQuality "1"]

1. e4 c6 2. d4 d5 3. f3 dxe4 4. fxe4 Nf6 5. e5 Nd5 6. c4 Nb6 7. Nc3 e6 8. Nf3 Be7 9. Be3 O-O 10. Bd3 f6 11. O-O N8d7 12. Qe1 c5 13. Rd1 cxd4 14. Bxd4 Qe8 15. exf6 Bxf6 16. Bxf6 Nxf6 17. Nb5 Qc6 18. Ne5 Qc5+ 19. Kh1 Nbd7 20. Nxd7 Bxd7 21. Nd6 b6 22. Qh4 Qh5 23. Qxh5 Nxh5 24. Be4 Rab8 25. Rxf8+ Rxf8 26. Bf3 Nf6 27. Ne4 Nxe4 28. Rxd7 a5 29. Kg1 Nc5 30. Rd6 Rb8 31. b3 Kf7 32. Kf2 Ke7 33. Rd2 Rd8 34. Rxd8 Kxd8 35. Ke3 Ke7 36. Kd4 Kd6 37. Kc3 Na6 38. a3 Kc5 39. Bb7 Nc7 40. b4+ axb4+ 41. axb4+ Kd6 42. Kd4 e5+ 43. Ke4 Ne6 44. h4 Nf4 45. g3 Ne6 46. g4 Nf8 47. h5 Nd7 48. Bc8 Nf6+ 49. Kf5 Kc7 50. Be6 e4 51. Kf4 g6 52. g5 Nxh5+ 53. Kxe4 Kd6 54. Bg8 Ng7 55. Bxh7 Ne6 56. Bxg6 Nxg5+ 57. Kf5 Ne6 58. Ke4 1/2-1/2

[Event "Slovakian-ch Youth 2022"]
[Site "Lubovna"]
[Date "2022.05.28"]
[Round "9.23"]
[White "Sustek, Adam"]
[Black "Papp, Gabor"]
[Result "1-0"]
[WhiteElo "1636"]
[BlackElo "2564"]
[Annotator "TA"]
[PlyCount "33"]
[EventDate "2022.05.22"]
[EventCountry "SVK"]
[SourceTitle "playchess.com"]
[Source "ChessBase"]
[SourceQuality "1"]

1. e4 e6 2. d4 d5 3. Nc3 dxe4 4. Nxe4 Nf6 5. Nxf6+ gxf6 6. Nf3 Bd6 7. Bd3 e5 8. dxe5 fxe5 9. Bg5 f6 10. Bh6 Be6 11. Nh4 Qd7 12. Qf3 Be7 13. O-O-O Bd5 14. Be4 c6 15. Bxd5 cxd5 16. Rxd5 Qe6 17. Nf5 1-0

[Event "Slovakian-ch Youth 2022"]
[Site "Lubovna"]
[Date "2022.05.28"]
[Round "9.24"]
[White "Havalda, Samuel"]
[Black "Filo, David"]
[Result "1-0"]
[WhiteElo "1465"]
[BlackElo "1653"]
[Annotator "NA RC COMBH"]
[PlyCount "109"]
[EventDate "2022.05.22"]
[EventCountry "SVK"]
[SourceTitle "playchess.com"]
[Source "ChessBase"]
[SourceQuality "1"]

1. e4 c5 2. Nf3 Nc6 3. d4 cxd4 4. Nxd4 Nf6 5. Nc3 e5 6. Ndb5 Be7 7. Bg5 a6 8. Na3 b5 9. Nd5 O-O 10. Bxf6 Bxf6 11. Be2 d6 12. O-O Bg5 13. c3 Be6 14. Nc2 Ne7 15. Nxe7+ Qxe7 16. a4 Rab8 17. Nb4 Qb7 18. Qxd6 Qxe4 19. Bd3 Qh4 20. Qxa6 bxa4 21. Rxa4 Qh5 22. Be4 Rbe8 23. Bf3 Qh6 24. Qe2 Bf5 25. Ra6 g6 26. Nd5 e4 27. Bg4 Bxg4 28. Qxg4 f5 29. Qe2 Qg7 30. Rfa1 e3 31. fxe3 f4 32. Qc4 Kh8 33. exf4 Bf6 34. Nxf6 Rxf6 35. Rxf6 Qxf6 36. Qd4 Qxd4+ 37. cxd4 Re4 38. Rd1 Rxf4 39. d5 Rf8 40. d6 Kg7 41. d7 Rd8 42. Kf2 Kf6 43. Ke3 Ke5 44. b4 h6 45. b5 Ke6 46. Ke4 Rxd7 47. Rxd7 Kxd7 48. Ke5 Kc7 49. Kf6 Kb6 50. Kxg6 Kxb5 51. Kxh6 Kc6 52. g4 Kd6 53. g5 Ke7 54. Kh7 Kf8 55. g6 1-0

[Event "Slovakian-ch Youth 2022"]
[Site "Lubovna"]
[Date "2022.05.28"]
[Round "9.25"]
[White "Tokarcik, Patrik"]
[Black "Klimek Martin"]
[Result "1-0"]
[WhiteElo "1591"]
[BlackElo "1418"]
[Annotator "NA RC COMBH"]
[PlyCount "59"]
[EventDate "2022.05.22"]
[EventCountry "SVK"]
[SourceTitle "playchess.com"]
[Source "ChessBase"]
[SourceQuality "1"]

1. e4 d5 2. exd5 Nf6 3. Nf3 Nxd5 4. d4 Bg4 5. c3 e6 6. Be2 Be7 7. O-O O-O 8. Be3 c5 9. Nbd2 Nxe3 10. fxe3 cxd4 11. exd4 Qb6 12. Nc4 Qc7 13. Ne3 Bh5 14. Bd3 Nd7 15. Qc2 Qf4 16. Nc4 Qh6 17. Rae1 Bg6 18. Bxg6 Qxg6 19. Qxg6 hxg6 20. Nfe5 Nf6 21. Re3 b5 22. Na5 Nd5 23. Ref3 Nf6 24. Nac6 Bd6 25. g4 g5 26. h4 gxh4 27. g5 Bxe5 28. Ne7+ Kh7 29. dxe5 Nd5 30. g6+ 1-0

[Event "Slovakian-ch Youth 2022"]
[Site "Lubovna"]
[Date "2022.05.28"]
[Round "9.26"]
[White "Vojtas Marek"]
[Black "Ondrejcak Gregor"]
[Result "1-0"]
[WhiteElo "1000"]
[BlackElo "1000"]
[Annotator "NA RC COMBH"]
[PlyCount "69"]
[EventDate "2022.05.22"]
[EventCountry "SVK"]
[SourceTitle "playchess.com"]
[Source "ChessBase"]
[SourceQuality "1"]

1. d4 d5 2. Bf4 c5 3. e3 e6 4. c3 Nc6 5. Nf3 Bd6 6. Bg3 Nge7 7. Bd3 f6 8. O-O e5 9. dxe5 fxe5 10. e4 d4 11. Bc4 Bg4 12. Nbd2 Na5 13. Bf7+ Kf8 14. h3 Kxf7 15. Ng5+ Ke8 16. Qxg4 Qd7 17. Ne6 Rg8 18. f4 exf4 19. Bxf4 g6 20. Bh6 Nac6 21. Rf2 Nc8 22. Raf1 Ne5 23. Nc7+ Kd8 24. Qxd7+ Kxd7 25. Nxa8 Re8 26. cxd4 cxd4 27. Bg7 d3 28. Bxe5 Bxe5 29. Rf3 Bxb2 30. Rxd3+ Nd6 31. Nc4 Be5 32. Nxe5+ Rxe5 33. Rfd1 Ke7 34. Rxd6 Rxe4 35. Rd7+ 1-0

[Event "Slovakian-ch Youth 2022"]
[Site "Lubovna"]
[Date "2022.05.28"]
[Round "9.27"]
[White "Janoska Peter"]
[Black "Durovka, Marek"]
[Result "1/2-1/2"]
[WhiteElo "1272"]
[BlackElo "1827"]
[Annotator "NA RC COMBH"]
[PlyCount "41"]
[EventDate "2022.05.22"]
[EventCountry "SVK"]
[SourceTitle "playchess.com"]
[Source "ChessBase"]
[SourceQuality "1"]

1. e4 e6 2. d4 d5 3. exd5 exd5 4. Nf3 Nc6 5. Be2 Bd6 6. Nc3 Nge7 7. O-O h6 8. Nb5 O-O 9. c3 Re8 10. Bd3 Bg4 11. h3 Bh5 12. Re1 a6 13. Nxd6 Qxd6 14. Be3 Qf6 15. a4 Bxf3 16. Qxf3 Qxf3 17. gxf3 Ng6 18. Bxg6 fxg6 19. Bf4 Rxe1+ 20. Rxe1 Rc8 21. b4 1/2-1/2

[Event "Slovakian-ch Youth 2022"]
[Site "Lubovna"]
[Date "2022.05.28"]
[Round "9.28"]
[White "Meszaros, Casey Ryan"]
[Black "Dvorak, Alfred"]
[Result "1-0"]
[WhiteElo "1757"]
[BlackElo "1239"]
[Annotator "NA RC COMBH"]
[PlyCount "98"]
[EventDate "2022.05.22"]
[EventCountry "SVK"]
[SourceTitle "playchess.com"]
[Source "ChessBase"]
[SourceQuality "1"]

1. e4 c5 2. c3 d5 3. exd5 Qxd5 4. d4 e5 5. dxe5 Qxe5+ 6. Qe2 Qxe2+ 7. Bxe2 Bd6 8. Na3 a6 9. Nc4 Bc7 10. Be3 Nd7 11. Nf3 Ngf6 12. O-O O-O 13. a4 b6 14. b4 cxb4 15. cxb4 Nd5 16. Bd2 N7f6 17. Nd4 Bd7 18. Bf3 Rab8 19. b5 a5 20. Rac1 Rbc8 21. Ne3 Nf4 22. Nef5 N6d5 23. Bxf4 Nxf4 24. Ne7+ Kh8 25. Nxc8 Rxc8 26. Bb7 Be5 27. Bxc8 Bxd4 28. Bxd7 Ne2+ 29. Kh1 Nxc1 30. Rxc1 g6 31. Kg1 Kg7 32. Kf1 h5 33. Ke2 Kf6 34. Rc6+ Kg7 35. f3 Kf8 36. Kd3 Bg1 37. h3 Ke7 38. Bc8 Bf2 39. g4 h4 40. f4 f6 41. f5 g5 42. Ke4 Bg1 43. Kd5 Bf2 44. Re6+ Kf7 45. Kc6 Bg1 46. Kb7 Bf2 47. Rxb6 Bxb6 48. Kxb6 Ke7 49. Kc7 Ke8 1-0

[Event "Slovakian-ch Youth 2022"]
[Site "Lubovna"]
[Date "2022.05.28"]
[Round "9.29"]
[White "Ropovik, Samuel"]
[Black "Boros, David"]
[Result "1-0"]
[WhiteElo "1453"]
[BlackElo "1173"]
[Annotator "NA RC COMBH"]
[PlyCount "115"]
[EventDate "2022.05.22"]
[EventCountry "SVK"]
[SourceTitle "playchess.com"]
[Source "ChessBase"]
[SourceQuality "1"]

1. e4 c6 2. d4 d5 3. Nc3 dxe4 4. Nxe4 Bf5 5. Ng3 Bg6 6. h4 h6 7. Bc4 Nd7 8. N1e2 Ngf6 9. Nf4 Bh7 10. O-O Qc7 11. Re1 g5 12. hxg5 hxg5 13. Nh3 g4 14. Nf4 Nb6 15. Bb3 Nbd5 16. Nd3 Bxd3 17. Qxd3 O-O-O 18. c4 Nb6 19. Qf5+ Qd7 20. Qxd7+ Rxd7 21. Be3 Bh6 22. Bxh6 Rxh6 23. Rad1 e6 24. Ne4 Nxe4 25. Rxe4 f5 26. Re3 Rdh7 27. Kf1 Rh1+ 28. Ke2 Rxd1 29. Kxd1 Rh1+ 30. Kd2 Kd7 31. g3 Rh2 32. Ke2 Na8 33. d5 Rh6 34. Bc2 Rf6 35. dxe6+ Ke7 36. f3 gxf3+ 37. Kxf3 Nc7 38. Re5 Nxe6 39. Bxf5 Kf7 40. Ke4 Ng5+ 41. Kf4 Nh3+ 42. Kg4 Nf2+ 43. Kh4 Nd1 44. b3 Nc3 45. a3 Nd1 46. g4 Nf2 47. g5 Rd6 48. Bh7 Rd4+ 49. Kh5 Ng4 50. Bg6+ Kg7 51. Re7+ Kf8 52. Rxb7 Ne3 53. Bh7 Ng2 54. g6 Nf4+ 55. Kg5 Ne6+ 56. Kf6 Nd8 57. g7+ Ke8 58. g8=Q# 1-0

[Event "Slovakian-ch Youth 2022"]
[Site "Lubovna"]
[Date "2022.05.28"]
[Round "9.30"]
[White "Bilik, Matej"]
[Black "Papay Aurel"]
[Result "1-0"]
[WhiteElo "1553"]
[BlackElo "1000"]
[Annotator "NA RC COMBH"]
[PlyCount "47"]
[EventDate "2022.05.22"]
[EventCountry "SVK"]
[SourceTitle "playchess.com"]
[Source "ChessBase"]
[SourceQuality "1"]

1. e4 e5 2. Nf3 Nc6 3. Bb5 a6 4. Ba4 Nf6 5. Bxc6 dxc6 6. d3 Bg4 7. Nbd2 Bd6 8. Qe2 O-O 9. h3 Bxf3 10. Nxf3 h6 11. Bd2 Qe7 12. g4 Nh7 13. O-O-O f6 14. Rdg1 Ng5 15. h4 Nxf3 16. Qxf3 Qe6 17. Kb1 Bc5 18. Rg2 Kh8 19. Qg3 g5 20. hxg5 fxg5 21. Bxg5 Kg8 22. Rxh6 Qf7 23. Qxe5 Bxf2 24. Rh8# 1-0

[Event "Slovakian-ch Youth 2022"]
[Site "Lubovna"]
[Date "2022.05.28"]
[Round "9.31"]
[White "Dolnik, Michal"]
[Black "Hudak, Michal"]
[Result "1/2-1/2"]
[WhiteElo "1548"]
[BlackElo "1169"]
[Annotator "NA RC COMBH"]
[PlyCount "74"]
[EventDate "2022.05.22"]
[EventCountry "SVK"]
[SourceTitle "playchess.com"]
[Source "ChessBase"]
[SourceQuality "1"]

1. e4 e5 2. Nf3 Nc6 3. Bc4 Bc5 4. O-O Nf6 5. d3 d6 6. h3 h6 7. Be3 Bxe3 8. fxe3 a6 9. a4 O-O 10. Nbd2 Be6 11. Qe1 Na5 12. Ba2 Bxa2 13. Rxa2 Nc6 14. Nh4 Ne7 15. Qg3 Kh8 16. Nf5 Ng6 17. Nf3 Ng8 18. d4 Nf6 19. N3h4 Kh7 20. Nxg6 fxg6 21. Nh4 Qe8 22. dxe5 Nxe4 23. Rxf8 Nxg3 24. Rxe8 Rxe8 25. exd6 cxd6 26. Ra3 Nf5 27. Nxf5 gxf5 28. Rb3 Re7 29. Kf2 Kg6 30. Rb6 Rd7 31. c4 Kg5 32. Kf3 g6 33. c5 dxc5 34. h4+ Kh5 35. Ke2 Rg7 36. g3 Kg4 37. Kf2 h5 1/2-1/2

[Event "Slovakian-ch Youth 2022"]
[Site "Lubovna"]
[Date "2022.05.28"]
[Round "9.32"]
[White "Ziman, Damian"]
[Black "Krajci Hugo"]
[Result "1-0"]
[WhiteElo "1293"]
[BlackElo "1178"]
[Annotator "NA RC COMBH"]
[PlyCount "119"]
[EventDate "2022.05.22"]
[EventCountry "SVK"]
[SourceTitle "playchess.com"]
[Source "ChessBase"]
[SourceQuality "1"]

1. e4 e5 2. Nf3 Nc6 3. Bc4 Bc5 4. d3 Nf6 5. c3 d6 6. O-O Bg4 7. Nbd2 O-O 8. Re1 Ne7 9. Nf1 Ng6 10. Be3 Qd7 11. Bxc5 dxc5 12. Ne3 Be6 13. Bxe6 Qxe6 14. Qc2 Rfd8 15. Red1 b6 16. Ng5 Qc8 17. Nf5 Qd7 18. Nf3 Qe8 19. Qe2 Nf4 20. Qc2 Qb5 21. Nxe5 c4 22. d4 g6 23. Nh6+ Kg7 24. Nhxf7 Re8 25. Ng5 Qa6 26. Re1 Qb7 27. Re3 h6 28. Ngf3 b5 29. Nd2 c5 30. Nef3 cxd4 31. cxd4 Re7 32. e5 Ng4 33. Re4 g5 34. h3 Nxe5 35. Nxe5 Rae8 36. Rae1 Rxe5 37. dxe5 Rxe5 38. Nf3 Rxe4 39. Qxe4 Qxe4 40. Rxe4 Nd3 41. Re7+ Kg6 42. Rxa7 Nxb2 43. Rc7 Nd3 44. Rc6+ Kg7 45. Nd4 Nb4 46. Rc7+ Kg6 47. Nxb5 Nxa2 48. Rxc4 Kh5 49. Na7 Kg6 50. Nc6 Nb4 51. Nxb4 Kh5 52. g3 g4 53. Rc5+ Kg6 54. hxg4 h5 55. gxh5+ Kh6 56. f4 Kg7 57. Rg5+ Kh6 58. Rg6+ Kh7 59. f5 Kh8 60. f6 1-0

[Event "Slovakian-ch Youth 2022"]
[Site "Lubovna"]
[Date "2022.05.28"]
[Round "9.33"]
[White "Shykhnenko, Hryhorii"]
[Black "Gobl, Fabian"]
[Result "1-0"]
[WhiteElo "1284"]
[BlackElo "1017"]
[Annotator "NA RC COMBH"]
[PlyCount "63"]
[EventDate "2022.05.22"]
[EventCountry "SVK"]
[SourceTitle "playchess.com"]
[Source "ChessBase"]
[SourceQuality "1"]

1. e4 e5 2. Nc3 Nc6 3. Bc4 Nf6 4. d3 Bc5 5. Bg5 d6 6. Nge2 Ne7 7. Bxf6 gxf6 8. O-O Rg8 9. Ng3 Bg4 10. Qd2 Bb4 11. Qh6 Be6 12. Bxe6 fxe6 13. Nh5 Kd7 14. Nxf6+ Kc8 15. Nxg8 Qxg8 16. Na4 Kd7 17. a3 Ba5 18. b4 Bb6 19. Nxb6+ axb6 20. f4 Rf8 21. fxe5 Rxf1+ 22. Rxf1 dxe5 23. Qf8 Qg5 24. Qf6 Qh5 25. h3 Kd6 26. c4 c5 27. bxc5+ bxc5 28. Rb1 Qe8 29. Rxb7 Ng8 30. Rb6+ Kc7 31. Qxe6 Ne7 32. Ra6 1-0

[Event "Slovakian-ch Youth 2022"]
[Site "Lubovna"]
[Date "2022.05.28"]
[Round "9.34"]
[White "Kriska Alexander"]
[Black "Brnusak, Simon"]
[Result "0-1"]
[WhiteElo "1046"]
[BlackElo "1090"]
[Annotator "NA RC COMBH"]
[PlyCount "84"]
[EventDate "2022.05.22"]
[EventCountry "SVK"]
[SourceTitle "playchess.com"]
[Source "ChessBase"]
[SourceQuality "1"]

1. d4 d5 2. Bf4 e6 3. Nf3 Nf6 4. e3 Bd6 5. Bg3 Nc6 6. c3 O-O 7. Bd3 Bd7 8. Nbd2 Re8 9. Ne5 Bxe5 10. dxe5 Ne4 11. Nf3 h6 12. Qc2 Nc5 13. Bh4 Qc8 14. Be2 Ne7 15. Nd4 Ng6 16. Bg3 Ne4 17. f4 c5 18. Nb3 Bc6 19. Bf3 b6 20. Bxe4 dxe4 21. O-O-O Ba4 22. Kb1 c4 23. h4 h5 24. Rd4 cxb3 25. axb3 Bc6 26. Rc4 Qb7 27. Rd1 Red8 28. Rcd4 Rxd4 29. Rxd4 Ne7 30. Be1 Nf5 31. Rd1 Nxe3 32. Qd2 Nxd1 33. Qxd1 g6 34. g3 Qa6 35. Bf2 Bd5 36. c4 e3 37. Bxe3 Be4+ 38. Kc1 Qa1+ 39. Kd2 Rd8+ 40. Kc3 Qxd1 41. f5 Qe1+ 42. Bd2 Qxd2# 0-1

[Event "Slovakian-ch Youth 2022"]
[Site "Lubovna"]
[Date "2022.05.28"]
[Round "9.35"]
[White "Drabek Matej"]
[Black "Slivka Martin"]
[Result "1-0"]
[WhiteElo "1000"]
[BlackElo "1000"]
[Annotator "NA RC COMBH"]
[PlyCount "99"]
[EventDate "2022.05.22"]
[EventCountry "SVK"]
[SourceTitle "playchess.com"]
[Source "ChessBase"]
[SourceQuality "1"]

1. e4 e5 2. Nf3 Nc6 3. Bb5 d6 4. d3 Be7 5. c3 Bg4 6. h3 Bh5 7. g4 Bg6 8. Nbd2 Nf6 9. Nf1 O-O 10. Ng3 a6 11. Ba4 b5 12. Bc2 Qd7 13. Nh4 Rad8 14. Nhf5 Bxf5 15. Nxf5 g6 16. Nh6+ Kh8 17. Bb3 Kg7 18. h4 Rb8 19. h5 Ng8 20. hxg6 fxg6 21. Nxg8 Rxg8 22. Bxg8 Kxg8 23. Bh6 Bf8 24. Qb3+ Qf7 25. Qxf7+ Kxf7 26. Bxf8 Kxf8 27. Rxh7 Kg8 28. Rxc7 Rb6 29. O-O-O a5 30. Rf1 a4 31. f4 exf4 32. Rxf4 g5 33. Rff7 Ne5 34. Rfe7 Rb8 35. Rg7+ Kf8 36. Rxg5 Nxd3+ 37. Kd2 Ne5 38. Rh5 Nf7 39. Rf5 Kg7 40. Rcxf7+ Kg6 41. R5f6+ Kg5 42. Rxd6 Kxg4 43. Rg6+ Kh5 44. Rfg7 Rd8+ 45. Kc2 Re8 46. Kd3 Rd8+ 47. Ke3 Rf8 48. Rg1 Kh6 49. R7g2 Kh5 50. Rh1# 1-0

[Event "Slovakian-ch Youth 2022"]
[Site "Lubovna"]
[Date "2022.05.28"]
[Round "9.36"]
[White "Stavac Teodor"]
[Black "Diachenko Mykhailo"]
[Result "0-1"]
[WhiteElo "1000"]
[BlackElo "1000"]
[Annotator "NA RC COMBH"]
[PlyCount "80"]
[EventDate "2022.05.22"]
[EventCountry "SVK"]
[SourceTitle "playchess.com"]
[Source "ChessBase"]
[SourceQuality "1"]

1. e4 e5 2. Nf3 Nc6 3. Bb5 a6 4. Ba4 Nf6 5. d3 b5 6. Bb3 d5 7. exd5 Nxd5 8. Bxd5 Qxd5 9. Nc3 Qd7 10. Be3 Bb4 11. O-O O-O 12. Ne4 Bb7 13. a3 Be7 14. Nc5 Bxc5 15. Bxc5 Rfe8 16. d4 Qg4 17. d5 e4 18. dxc6 exf3 19. Qxf3 Qxf3 20. gxf3 Bxc6 21. f4 Re6 22. f3 Rf6 23. Be3 Re8 24. Rae1 h5 25. h4 Rg6+ 26. Kf2 Rge6 27. b4 Bd5 28. c3 f6 29. f5 Re5 30. Rg1 Rxf5 31. Rg6 Rxf3+ 32. Kg2 Rfxe3+ 33. Kf2 Rxe1 34. Kg3 Rg1+ 35. Kf4 Rxg6 36. Kf5 Be4+ 37. Kf4 Rg4+ 38. Ke3 Bc2+ 39. Kd2 Bb3 40. Kc1 Rg2 0-1